Statistics for Countries with Highest % of Mules

Click here to take the quiz!

General Stats

  • This quiz has been taken 32 times
  • The average score is 11 of 20

Answer Stats

% Country % Correct
16%China
91%
16%Brazil
91%
17%Colombia
88%
25%Mexico
88%
18%Peru
84%
18%India
84%
23%Ecuador
78%
20%Spain
59%
19%El Salvador
47%
16%Greece
47%
26%Morocco
47%
26%Honduras
44%
44%Belize
44%
22%Guatemala
44%
22%Tunisia
44%
49%Somalia
34%
27%Jamaica
31%
22%Dominican Republic
28%
22%Lebanon
13%
25%Puerto Rico
0%

Score Distribution

Percentile by Number Answered

Percent of People with Each Score

Your Score History

You have not taken this quiz